000 00536pab a2200193 454500
008 180718b2006 xxu||||| |||| 00| 0 eng d
100 _aBhatt, D.K.
245 _aConstitutional immunity to reservation laws: a critical perspective
260 _c2006
300 _ap.27-49.
362 _aJan-Jun
650 _aIndia - Constitution
650 _aBackward classes - India
650 _aBackward classes
700 _aJoshi, P.C.
773 _aJournal of Constitutional and Parliamentary Studies
908 _aN
909 _a74367
999 _c74367
_d74367